| 000 | 01231cam a2200217 4500 | ||
|---|---|---|---|
| 001 | WB4025-21 | ||
| 008 | 040630n2004 000 0 eng u | ||
| 035 | _a(Sirsi) u126646 | ||
| 245 | _aSharing vital plant resources | ||
| 260 | _c2004 | ||
| 490 |
_aDEFRA News Release _v(247/04) 29 June 2004 (2) |
||
| 520 | _aThe worldwide protection of vital food crops will be sustained under a new international agreement, "The international treaty on plant genetic resources for food and agriculture", coming into force on 29 June 2004. The UK is one of more than 50 signatories to the treaty which aims to improve food security, promote sustainable farming and to ensure that plant genetic resources, owned by the country in which they are found, are conserved, used sustainably and whose benefits are fairly shared. Further treaty information is available at http://www.fao.org/ag/cgrfa/itpgr.htm.http://www.d efra.gov.uk/news/2004/040629a.htm | ||
| 590 | _aWB | ||
| 590 | _aWB | ||
| 650 | _aSUSTAINABLE FARMING | ||
| 650 | _aFOOD SECURITY | ||
| 650 | _aPLANT GENETIC RESOURCES | ||
| 650 | _aINTERNATIONAL TREATY ON PLANT GENETIC RESOURCES FOR FOOD AND AGRICULTURE | ||
| 690 | _aRURAL-AGRICULTURE AND FORESTRY | ||
| 942 | _n0 | ||
| 999 |
_c117618 _d117618 |
||